| 000 | 00392nam a22001337a 4500 | ||
|---|---|---|---|
| 082 | _aP-737 | ||
| 100 |
_aCapt Muhammad Umair Shafqat _951209 |
||
| 245 |
_aQuantifying User Delay on Freeway Work Zone Using Vissim _cMuhammad Umair Shafqat |
||
| 260 |
_aRisalpur, _bMCE, _c2017. |
||
| 300 |
_a48p _bNil |
||
| 526 |
_a0 _b0 _c0 _dP_737 |
||
| 700 |
_aLt Col Dr Anwaar Ahmed _951210 |
||
| 942 |
_2ddc _cBK |
||
| 999 |
_c553959 _d553959 |
||